000 00281nam a22001337a 4500
008 170608b xxu||||| |||| 00| 0 eng d
020 _a9780199215294
041 _aeng
080 _a32
100 _a18
101 _aSHP
245 _aFOREIGN POLICY
_cSMITH, S
942 _2udc
_cBK
999 _c16551
_d16551